000 00283 a2200085 4500
999 _c20279
_d20279
003 WA 310
005 20220105095835.0
008 220105s1998 pl |||f u||| 000 0 pol d
020 _a8323611343
040 _aWA 310
_cWA 310
041 _apol
_heng
245 0 0 _aWymagania dotyczące poszczególnych typów przewodów nawojowych - Przewody miedziane okrągłe, emaliowane lakierem poliestroimidowym, samolutujące, klasa 180 =
_bSpecifications for particular types of winding wires - Part 23: Solderable polyesterimide enamelled round copper wire, class 180 (IEC 60317-23:1990) PN-EN 60317-23:1998P /
_cNKP nr 53.
246 1 3 _aPN-EN 60317-23
246 1 3 _aICS 29.060.10
246 1 3 _aPolska Norma
246 3 1 _aSpecifications for particular types of winding wires - Part 23: Solderable polyesterimide enamelled round copper wire, class 180 (IEC 60317-23:1990)
260 _aWarszawa :
_bPKN,
_c1998.
300 _a9 stron ;
_c30 cm.
336 _2rdacontent
_aTekst
_btxt
337 _2rdamedia
_aBez urządzenia pośredniczącego
_bn
338 _2rdacarrier
_aWolumin
_bnc
500 _aWprowadza EN 60317-23:1995, IDT, IEC 60317-23:1990, IDT ; Zatwierdzona 7 stycznia 1998 r.
500 _aNorma Europejska EN 60317-23:1995 [...] ma status Polskiej Normy.
590 _6Status: wycofana ; Zastąpiona przez PN-EN 60317-23:2014-04 wersja angielska.
710 _91107
_aPolska.
_bPolski Komitet Normalizacyjny.
_eInstytucja sprawcza
_eWydawca
920 _a83-236-1134-3
942 _2ddc
_cBK